000 00417nam a2200181Ia 4500
001 4528
005 20260306145802.0
008 260306t1969||||xx |||||||||||||| ||spa||
041 _aESP
082 _a324.2
_bP26
100 _aHenig, Stanley
_eAUT
245 0 _aPartidos políticos europeos
260 _c1969
300 _a610 páginas :
_c22 cm.
650 _aGEN
654 _aCDE
942 _cLIB
_dJUS
_fJUS
_2ddc
_n
999 _c4528
_d4528